000 01123cam a22003374a 4500
001 13048905
003 OSt
005 20140310184517.0
008 030106s2003 nyu 000 0aeng
010 _a 2003040465
020 _a0439339057
020 _a9780439339056
040 _aDLC
_cDLC
_dDLC
042 _apcc
050 0 0 _aRJ 496.A25
_b.Ab244 2007
100 1 _aAbeel, Samantha,
_d1977-
_929500
245 1 0 _aMy thirteenth winter :
_ba memoir /
_cSamantha Abeel.
260 _aNew York :
_bOrchard Books
_c2003.
300 _a203 p. ;
_c22 cm.
521 _aG10
526 _c1050
600 1 0 _aAbeel, Samantha,
_d1977-
_929501
650 0 _aAcalculia in children
_xPatients
_vBiography.
_929502
650 0 _aLearning disabled children
_vBiography.
_929503
856 4 2 _3Publisher description
_uhttp://www.loc.gov/catdir/description/schol051/2003040465.html
906 _a7
_bcbc
_corignew
_d1
_eocip
_f20
_gy-gencatlg
942 _2lcc
_cBK-SCHOLAS
999 _c34962
_d34962